000 00579nam a2200193Ia 4500
003 GCL
008 140319s9999 xx 000 0 ara d
040 _aGCL /
_cGCL
082 0 4 _a812
_bل م
100 1 _aلويس عوض
245 1 0 _aالمسرح العالمى: من اسخيلوس الى ارثوميللر /
_cلويس عوض
300 _a519 ص
490 _aمكتبة السينما والمسرح
_v0
650 0 4 _aالمسرح
650 0 4 _aالمسرح اليونانى
650 0 4 _aالمأساة
650 0 4 _aالمسرح العالمى
942 _2ddc
_cBK
999 _c50131
_d50131